All the Geography I know by Letter-E - Statistics

General Stats
  • This quiz has been taken 86 times
  • The average score is 10 of 17
Answer Stats
Hint Answer % Correct
Capital of Scotland Edinburgh
90%
Country in Central America El Salvador
88%
New name of Swaziland Eswatini
88%
Country in the Andes Ecuador
87%
One of the most populated countries in the Middle East Egypt
83%
City in Alberta Edmonton
76%
Country where I was born Ethiopia
76%
City in Germany Essen
73%
Old name for Tokyo Edo
72%
Country just north of the above Eritrea
72%
City in Texas El Paso
67%
City in Finland Espoo
35%
City in Germany Erfurt
23%
Region of Italy(Full Name) Emilia Romagna
21%
City in Denmark Esbjerg
13%
Region of Greece Epirus
10%
Sea north of Russia East Siberian
5%
No matching quizzes found
Score Distribution
Percent of People with Each Score
Percentile by Number Answered
Your Score History
You have not taken this quiz